5 Love Languages - Statistics

General Stats
  • This quiz has been taken 46 times
  • The average score is 4 of 5
Answer Stats
Love Language % Correct
Physical Touch
95%
Gift Giving/ Receiving
85%
Word of Affirmation
76%
Quality Time
68%
Acts of Service
61%
No matching quizzes found
Score Distribution
Percent of People with Each Score
Percentile by Number Answered
Your Score History
You have not taken this quiz